Qui suis-je - One Piece - Statistiques

Statistiques générales
  • Ce quiz a été pris 60 fois
    45 depuis la dernière actualisation
  • Le résultat moyen est 15 sur 20
Statistiques - réponses
Groupe # Catégorie % Correct
Vert 318 Je suis (ou j'ai été) affilié à la Marine ou au Gouvernement Mondial
95%
Vert 53 ... possédant (ou a possédé) le Haki de l'Armement (Busoshoku)
95%
Vert 20 ... qui n'a JAMAIS mangé de Fruit du Démon
92%
Orange 165 Je suis un utilisateur de Haki (Confirmé dans le manga ou Databooks)
89%
Bleu 168 Je suis un utilisateur de Haki (Busoshoku ou Kenbunshoku)
89%
Violet 312 Je suis une Femme
89%
Orange 93 ... qui a été (ou est) un subordonné d'un des Quatre Empereurs (Yonko)
87%
Orange 19 ... possédant une prime supérieure à 1 milliard de Berrys
82%
Violet 22 ... qui possède (ou a possédé) le Haki de l'Armement (Busoshoku)
79%
Vert 3 ... membre de l'unité spéciale "SWORD"
76%
Orange 4 ... qui n'a PAS de Fruit du Démon
71%
Vert 1 ... et est considéré par les journaux comme le "Héros de l'Incident de Rocky Port" Kobby
71%
Bleu 14 ... qui est (ou a été) un subordonné du Clan Kozuki
68%
Violet 9 ... faisant partie de l'Équipage des Pirates Kuja
63%
Bleu 4 ... possédant une Prime (Bounty) connue
55%
Orange 1 ... et est un ancien Grand Corsaire (Shichibukai) non-humain Jinbe
55%
Bleu 3 ... qui n'est PAS un humain
53%
Violet 2 ... utilisatrice de Fruit du Démon de type Zoan
50%
Violet 1 ... possédant le fruit du Serpent version "Anacondas" Boa Sandersonia
50%
Bleu 1 ... et ayant été recueilli par Oden Kawamatsu
39%
Aucun quiz correspondant
Distribution des résultats
% des personnes avec chaque résultat
Percentile par nombre de réponses
Votre historique - résultats
Vous n’avez pas pris ce quiz depuis la dernière actualisation